International construction contract law (Record no. 115738)
[ view plain ]
| 000 -LEADER | |
|---|---|
| fixed length control field | 02018cam a22002895a 4500 |
| 001 - CONTROL NUMBER | |
| control field | L159199 |
| 008 - FIXED-LENGTH DATA ELEMENTS--GENERAL INFORMATION | |
| fixed length control field | 110804s2015 xxk f 000 0 eng d |
| 020 ## - INTERNATIONAL STANDARD BOOK NUMBER | |
| International Standard Book Number | 9781118717905 |
| 035 ## - SYSTEM CONTROL NUMBER | |
| System control number | (Sirsi) u159199 |
| 041 0# - LANGUAGE CODE | |
| Language code of text/sound track or separate title | eng |
| 050 04 - LIBRARY OF CONGRESS CALL NUMBER | |
| Classification number | 692.8 $2 18 |
| 100 1# - MAIN ENTRY--PERSONAL NAME | |
| Personal name | Klee, Lukas |
| 245 00 - TITLE STATEMENT | |
| Title | International construction contract law |
| 260 ## - PUBLICATION, DISTRIBUTION, ETC. | |
| Place of publication, distribution, etc. | London |
| Name of publisher, distributor, etc. | John Wiley & Sons |
| Date of publication, distribution, etc. | 2015 |
| 505 2# - FORMATTED CONTENTS NOTE | |
| Formatted contents note | International construction projects -- Civil law and common law -- Common delivery methods -- Specifics of EPC and EPCM -- Unification and standardization in international construction -- Price -- Time -- Variations -- Claims -- Claim management -- Construction dispute boards -- FIDIC -- Other standard forms of construction contracts: NEC, ICC, ENNA, IChemE, Orgalime, AIA, VOB -- Risk and insurance -- Risk in underground construction -- Securities -- Civil engineering works: infrastructure construction projects -- Building construction: health care facilities -- Appendix A: interactive exercises -- Appendix B: sample letters -- Appendix C: dictionary of construction terms: Chinese, Czech, English, French, German, Hungarian, Polish, Portuguese, Russian, Spanish -- Appendix D: claim management system under FIDIC forms -- Appendix E: FIDIC forms risk allocation charts -- Appendix F: engineer?s determination within the ambit of the 1999 Edition of the FIDIC contract forms: a case study of contractor?s claims in respect of sand and gravel borrow areas |
| 520 ## - SUMMARY, ETC. | |
| Summary, etc. | Helps to understand the legal and managerial aspects of large international construction projects. Provides an overview of civil law and common law interrelationships, delivery methods, standard forms of contract, risk allocation, variations, claims and dispute resolution. |
| 650 24 - SUBJECT ADDED ENTRY--TOPICAL TERM | |
| Topical term or geographic name entry element | FIDIC |
| 650 24 - SUBJECT ADDED ENTRY--TOPICAL TERM | |
| Topical term or geographic name entry element | EPC CONTRACTS |
| 650 24 - SUBJECT ADDED ENTRY--TOPICAL TERM | |
| Topical term or geographic name entry element | VARIATIONS |
| 650 24 - SUBJECT ADDED ENTRY--TOPICAL TERM | |
| Topical term or geographic name entry element | DISPUTE RESOLUTION BOARD |
| 650 24 - SUBJECT ADDED ENTRY--TOPICAL TERM | |
| Topical term or geographic name entry element | CONTRACT CLAIMS |
| 650 24 - SUBJECT ADDED ENTRY--TOPICAL TERM | |
| Topical term or geographic name entry element | CONTRACT LAW |
| 651 #4 - SUBJECT ADDED ENTRY--GEOGRAPHIC NAME | |
| Geographic name | International |
| 690 ## - LOCAL SUBJECT ADDED ENTRY--TOPICAL TERM (OCLC, RLIN) | |
| Topical term or geographic name as entry element | Contracts |
| 9 (RLIN) | 6232 |
| 942 ## - ADDED ENTRY ELEMENTS (KOHA) | |
| Suppress in OPAC | 0 |
| Withdrawn status | Lost status | Source of classification or shelving scheme | Damaged status | Not for loan | Home library | Current library | Shelving location | Date acquired | Total Checkouts | Full call number | Barcode | Date last seen | Copy number | Price effective from | Koha item type |
|---|---|---|---|---|---|---|---|---|---|---|---|---|---|---|---|
| Dewey Decimal Classification | London | London | Books | 16/03/2016 | 692.8 KLE | 30078859 | 06/08/2019 | 1 | 06/08/2019 | Book |